Poems of the first buddhist women / (Record no. 96414)

MARC details
000 -LEADER
fixed length control field 00870nam a22002177a 4500
005 - DATE AND TIME OF LATEST TRANSACTION
control field 20170726102710.0
010 ## - LCCN (DPL NO)
LC control number 1516EN07 ENG-119396
020 ## - INTERNATIONAL STANDARD BOOK NUMBER
International Standard Book Number 9780674427792
Terms of availability 295.00
035 ## - SYSTEM CONTROL NUMBER
System control number B-603793-797
035 ## - SYSTEM CONTROL NUMBER
System control number B-667417
035 ## - SYSTEM CONTROL NUMBER
System control number EN-102928
037 ## - SOURCE OF ACQUISITION
Stock number dpl
Source of stock number/acquisition Aakar/Ven
082 ## - DEWEY DECIMAL CLASSIFICATION NUMBER
Classification number 250.38232
100 ## - MAIN ENTRY--PERSONAL NAME
Personal name Therigatha
245 ## - TITLE STATEMENT
Title Poems of the first buddhist women /
Statement of responsibility, etc by Therigatha
260 ## - PUBLICATION, DISTRIBUTION, ETC. (IMPRINT)
Place of publication, distribution, etc London
Name of publisher, distributor, etc Murty Classical Library of India
Date of publication, distribution, etc 2015
300 ## - PHYSICAL DESCRIPTION
Extent 290p.
Dimensions 19cm(pbk)
942 ## - ADDED ENTRY ELEMENTS (KOHA)
Source of classification or shelving scheme Dewey Decimal Classification
Item type English Books
Classification part 250
Call number suffix THE
Holdings
Withdrawn status Lost status Not for loan Collection code Home library Current library Date acquired Source of acquisition Cost, normal purchase price Full call number Barcode Copy number Cost, replacement price Koha item type
      Non-fiction Ashok Vihar Ashok Vihar 20/07/2017 BPPD/EN/2015-16/AV/16-17/386/15.2.2017/I-3330/1.3.2017/ 17.3.2017 295.00 250 THE B-667417 1 295.00 English Books
    Not For Loan Non-fiction D.B.Act.Division Bawana 26/07/2017 DBAD/PUB 295.00 250 THE EN-102928 1 295.00 English Books
      Non-fiction Central Library Central Library 27/05/2016 I-1183/25.9.2015/109/16.9.2015/15.10.2015 295.00 250 THE B-603793 1 295.00 English Books
      Non-fiction Karol Bagh Karol Bagh 27/05/2016 I-1183/25.9.2015/109/16.9.2015/15.10.2015 295.00 250 THE B-603796 1 295.00 English Books
      Non-fiction Patel Nagar Patel Nagar 27/05/2016 I-1183/25.9.2015/109/16.9.2015/15.10.2015 295.00 250 THE B-603794 1 295.00 English Books
      Non-fiction Sarojini Nagar Sarojini Nagar 27/05/2016 I-1183/25.9.2015/109/16.9.2015/15.10.2015 295.00 250 THE B-603795 1 295.00 English Books
      Non-fiction Shahdara Branch Shahdara Branch 27/05/2016 I-1183/25.9.2015/109/16.9.2015/15.10.2015 295.00 250 THE B-603797 1 295.00 English Books

© Delhi Public Library
Hit Counter
free hit counter